banner-ar

المنظمات الدولية / (Record no. 43458)

MARC details
000 -الفاتح
حقل البيانات ثابتة الطول 00567nam a2200193Ia 4500
008 - عناصر البيانات ثابتة الطول - معلومات عامة
حقل البيانات ثابتة الطول 140319s9999 xx 000 0 ara d
040 ## - مصدر الفهرسة
وكالة الفهرسة الأصلية GCL /
وكالة النسخ GCL
082 04 - رقم تصنيف ديوى العشرى
رقم التصنيف 341.245
رقم المادة ج ب
100 1# - المدخل الرئيسى - إسم شخصى
الإسم الشخصى جيربية، بيير
245 10 - بيان العنوان
العنوان المنظمات الدولية /
بيان المسئوليه,etc جيربية، بيير
700 1# - المدخل الاضافى - اسم شخصى
الإسم الشخصى محمد احمد سليمان
300 ## - الوصف المادى
التعداد 205
490 ## - بيان السلسلة
عنوان السلسلة الالف كتاب
رقم المجلد/ التعيين التسلسلي 0
650 04 - المدخل الاضافى بالموضوع-مصطلح موضوعى
مصطلح موضوعي التعاون الدولى
650 04 - المدخل الاضافى بالموضوع-مصطلح موضوعى
مصطلح موضوعي المنظمات الدولية
650 04 - المدخل الاضافى بالموضوع-مصطلح موضوعى
مصطلح موضوعي المجتمع العالمى
942 ## - عناصر المدخل الإضافي( كوها)
مصدر التصنيف او مخطط الترفيف Dewey Decimal Classification
Koha [default] item type كتاب
Holdings
حالة التراجع حالة الفقد حالة تلف ليس للاعارة المكان المؤقت الموقع الحالى تاريخ الاكتساب اجمالي اﻻعارات رقم الطلب الباركود تاريخ اخر مشاهدة تاريخ تفعيل السعر نوع وعاء كوها
        مكتبة القاهرة الكبرى مكتبة القاهرة الكبرى 03/26/2014   341.245\ج ب 105206 03/26/2014 03/26/2014 كتاب

Powered By

EGPV